000 01660nam a22002897a 4500
999 _c21477
_d21477
003 AR-CdUCM
008 190220b ||||| |||| 00| 0 spa d
020 _a9789972517204
040 _aMUNICIPALIDAD PROVINCIAL DEL CUSCO
_cBIBLIOTECA MUNICIPAL DEL CUSCO
082 _a336.3435/U24
_bU24
100 _aUgarteche, Óscar
_9374
245 _aModernización reformista :
_cy deuda externa en el Perú, 1963-1976.
260 _aLima :
_bInstituto de Estudios Peruanos, IEP,
_c2019.
300 _a311 páginas. :
_c23 cm.
440 _aSerie Análisis Económico,
_n32.
_944959
505 _aContenido: El gobierno de la alianza Acción Popular-Democracia Cristiana y la deuda de la década de 1960 -- La deuda y las relaciones Estados Unidos-Perú -- Factores que contribuyen a la crisis del sector externo -- Las finanzas públicas y el manejo de la deuda -- El problema militar y el Fondo Monetario Internacional -- La crisis con el FMI y el acuerdo stand-by de 1978 -- La política exterior norteamericana frente al Perú reformista -- A modo de conclusión -- Adenda. Documentos desclasificados del departamento de Estado, la Casa Blanca, la cia y el Consejo de Seguridad Nacional relacionados con los tres golpes de Estado peruanos de 1962, 1968 y 19751.
650 _aDeuda externa
_93267
650 _aFinanzas internacionales
_935421
650 _aRelaciones económicas internacionales
_94074
650 _aCrisis económica
_96402
650 _aPolíticas económica
_944960
650 _aPolítica y gobierno
_92693
650 _aPerú
_944961
710 _aInstituto de Estudios Peruanos (Lima)
_99759
942 _2ddc
_cLIBROS
945 _aRoel